Представление документа в формате RUSMARC

ПолеНазваниеЗначение
  Тип записи a
  Библиографический уровень m
001 Контрольный номер RU/IS/BASE/63164543
005 Дата корректировки 20240209174509.7
010 Индекс ISBN __
a ISBN 978-5-7793-2404-5
d Цена 65 р. 00 к.
9 Тираж 3 000 экз.
100 Данные общей обработки __
a Данные общей обработки 20020101d2002 ||| 0rusy0189 ca
101 Язык документа 0_
a Язык текста rus
102 Страна публикации __
a Страна публикации RU
105 Кодированные данные (монография) __
a Кодированные данные (монография) y###||||000|y
200 Заглавие и сведения об ответственности 1_
a Заглавие Владимир - бриллиант Золотого кольца
a Заглавие Боголюбово - любимая резиденция князя Андрея
b Общее обозначение материала Текст
g Последующие сведения об ответственности [авт.-сост.: М. В. Зоркая, И. А. Маневич, М. А. Шахов]
210 Выходные данные 1_
a Место издания Москва
c Издательство Белый город
d Дата издания 2013
215 Физическое описание __
a Объем 12, [1] с.
c Иллюстрации/тип воспроизводства ил.
d Формат 28 см.
225 Серия 0_
a Серия Древние города России
300 Общие примечания __
a Общие примечания Ограничения по возрасту - 12+
606 Тематические рубрики 0_
a Основная рубрика Города России - История
610 Ключевые слова 0_
a Ключевые слова города России
a Ключевые слова история
a Ключевые слова памятники архитектуры
a Ключевые слова культура
a Ключевые слова промыслы народные
686 Индексы других классификаций __
a Классификационный индекс 63.3(2Рос-2)
2 Код системы ББК
801 Источник записи _0
a Страна RU
b Организация МБУК ЦБС г. Ульяновска
c Дата составления 20020101
g Правила каталогизации RCR
801 Источник записи _1
a Страна RU
b Организация МБУК ЦБС г. Ульяновска
c Дата составления 20020101
g Правила каталогизации RCR
899 Данные о местонахождении __
i Авторский знак В 57
j Расстановочный фильтр 63.3(2Рос...)
901 Тип документа __
t Тип документа m
910 Корректоры записи __
a Корректор записи Тургенева